000 00592cam a22002291 4500
001 sa 68003459
003 DLC
005 20260227112453.0
008 900220s1967 ii 000 1 benr
010 _asa 68003459
025 _aPL480:I-B-3241
035 _a(OCoLC)21095199
040 _aDLC
_cMiEM
_dMiEM
_dDLC
042 _apremarc
050 0 0 _aPK1718.B377
_bU7
100 1 _aBasu, Ramapati.
245 1 0 _aUrbaśīra naraka.
_c[Lekhaka] Ramāpati Basu.
260 _aKalikātā,
_bJñyātīrtha
_c[1967]
300 _a177 p.
_c22 cm.
500 _aIn Bengali.
500 _aA novel.
999 _c79492
_d79492